Cheng yu wo OK. 1 : (Record no. 141814)

MARC details
000 -LEADER
fixed length control field 01018nam a2200313 i 4500
001 - CONTROL NUMBER
control field C2-0345324
003 - CONTROL NUMBER IDENTIFIER
control field PPAK
005 - DATE AND TIME OF LATEST TRANSACTION
control field 20180728145923.0
008 - FIXED-LENGTH DATA ELEMENTS--GENERAL INFORMATION
fixed length control field 180205t20032014cc a|||b ||||| | 1 chi d
020 ## - INTERNATIONAL STANDARD BOOK NUMBER
International Standard Book Number 9789814671941
Qualifying information paperback
040 ## - CATALOGING SOURCE
Original cataloging agency PPAK
Language of cataloging eng
Transcribing agency PPAK
Description conventions rda
082 ## - DEWEY DECIMAL CLASSIFICATION NUMBER
Edition number 23
Classification number 495.182
090 ## - LOCALLY ASSIGNED LC-TYPE CALL NUMBER (OCLC); LOCAL CALL NUMBER (RLIN)
Classification number (OCLC) (R) ; Classification number, CALL (RLIN) (NR) 495.182
Feature heading CHE
Feature heading K
245 00 - TITLE STATEMENT
Title Cheng yu wo OK. 1 :
Remainder of title Kan man hua, xue cheng yu! wan you xi, zhang zhi li!
246 03 - VARYING FORM OF TITLE
Remainder of title Kan man hua, xue cheng yu! wan you xi, zhang zhi li!
250 ## - EDITION STATEMENT
Edition statement Di 2 ban.
264 #1 - PRODUCTION, PUBLICATION, DISTRIBUTION, MANUFACTURE, AND COPYRIGHT NOTICE
Place of production, publication, distribution, manufacture Xinjiapo :
Name of producer, publisher, distributor, manufacturer Ling zi chuan mei ,
Date of production, publication, distribution, manufacture, or copyright notice 2003
Date of production, publication, distribution, manufacture, or copyright notice ©2014
300 ## - PHYSICAL DESCRIPTION
Extent 187 pages :
Other physical details illustrations ;
Dimensions 21 cm
336 ## - CONTENT TYPE
Source rdacontent
Content type term text
337 ## - MEDIA TYPE
Source rdamedia
Media type term unmediated
338 ## - CARRIER TYPE
Source rdacarrier
Carrier type term volume
500 ## - GENERAL NOTE
General note Paritial text in Chinese.
650 10 - SUBJECT ADDED ENTRY--TOPICAL TERM
Topical term or geographic name entry element Chinese language
General subdivision Idioms
Form subdivision Caricatures and cartoons
Topical term or geographic name entry element Chinese language
Chronological subdivision Idioms
Form subdivision Juvenile literature
700 0# - ADDED ENTRY--PERSONAL NAME
Personal name Wu, Guoxiong,
Relator term editor.
Personal name Wu, Guoxiong,
Relator term artist.
942 ## - ADDED ENTRY ELEMENTS (KOHA)
Koha item type Book
Source of classification or shelving scheme Dewey Decimal Classification
Holdings
Withdrawn Not for loan Current library Shelving location Date acquired Total Checkouts Total Renewals Full call number Barcode Date last seen Date last checked out Koha item type
    Perpustakaan Alor Setar Pinjaman Kanak-kanak 08/02/2018 33 11 K 495.182 CHE A01565188 07/07/2025 17/06/2025 Book